Computer Fundamentals (Record no. 12144)

MARC details
000 -LEADER
fixed length control field 00380nam a22001697a 4500
003 - CONTROL NUMBER IDENTIFIER
control field OSt
008 - FIXED-LENGTH DATA ELEMENTS--GENERAL INFORMATION
fixed length control field 231230b |||||||| |||| 00| 0 eng d
020 ## - INTERNATIONAL STANDARD BOOK NUMBER
International Standard Book Number 9788176567527
082 ## - DEWEY DECIMAL CLASSIFICATION NUMBER
Classification number 004 SIC
100 ## - MAIN ENTRY--PERSONAL NAME
Personal name SINHA,Pradeep K
245 ## - TITLE STATEMENT
Title Computer Fundamentals
250 ## - EDITION STATEMENT
Edition statement 8th Ed
260 ## - PUBLICATION, DISTRIBUTION, ETC. (IMPRINT)
Place of publication, distribution, etc New Delhi
Name of publisher, distributor, etc BPB
Date of publication, distribution, etc 2023
300 ## - PHYSICAL DESCRIPTION
Extent 508
700 ## - ADDED ENTRY--PERSONAL NAME
Personal name SINHA,Priti
942 ## - ADDED ENTRY ELEMENTS (KOHA)
Source of classification or shelving scheme Dewey Decimal Classification
Koha item type Text Books
Holdings
Withdrawn status Lost status Source of classification or shelving scheme Damaged status Not for loan Collection code Home library Current library Date acquired Source of acquisition Currency Cost, normal purchase price Bill Number Total Checkouts Full call number Acc. no. / Barcode Date last seen Actual Cost, discounted price Bill Date Koha item type Date last borrowed
    Dewey Decimal Classification     BBA PIET C-LIBRARY PIET C-LIBRARY 20/12/2023 Zafaa Books and Distributors In rupees 490.00 ZBD0291   004 SIC 35176 30/12/2023 357.70 20/12/2023 Reference Books  
    Dewey Decimal Classification     BBA PIET C-LIBRARY PIET C-LIBRARY 20/12/2023 Zafaa Books and Distributors In rupees 490.00 ZBD0291 1 004 SIC 35177 23/01/2025 357.70 20/12/2023 Text Books 04/01/2025
    Dewey Decimal Classification     BBA PIET C-LIBRARY PIET C-LIBRARY 20/12/2023 Zafaa Books and Distributors In rupees 490.00 ZBD0291   004 SIC 35178 30/12/2023 357.70 20/12/2023 Text Books  
    Dewey Decimal Classification     BBA PIET C-LIBRARY PIET C-LIBRARY 20/12/2023 Zafaa Books and Distributors In rupees 490.00 ZBD0291 1 004 SIC 35179 17/01/2025 357.70 20/12/2023 Text Books 06/01/2025
    Dewey Decimal Classification     BBA PIET C-LIBRARY PIET C-LIBRARY 20/12/2023 Zafaa Books and Distributors In rupees 490.00 ZBD0291 1 004 SIC 35180 06/01/2025 357.70 20/12/2023 Text Books 23/12/2024
    Dewey Decimal Classification     BBA PIET C-LIBRARY PIET C-LIBRARY 20/12/2023 Zafaa Books and Distributors In rupees 490.00 ZBD0291 3 004 SIC 35181 20/01/2025 357.70 20/12/2023 Text Books 04/01/2025
    Dewey Decimal Classification     BBA PIET C-LIBRARY PIET C-LIBRARY 20/12/2023 Zafaa Books and Distributors In rupees 490.00 ZBD0291 4 004 SIC 35182 18/09/2025 357.70 20/12/2023 Text Books 12/09/2025
    Dewey Decimal Classification     BBA PIET C-LIBRARY PIET C-LIBRARY 20/12/2023 Zafaa Books and Distributors In rupees 490.00 ZBD0291 1 004 SIC 35183 06/01/2025 357.70 20/12/2023 Text Books 23/12/2024
    Dewey Decimal Classification     BBA PIET C-LIBRARY PIET C-LIBRARY 20/12/2023 Zafaa Books and Distributors In rupees 490.00 ZBD0291 3 004 SIC 35184 06/01/2025 357.70 20/12/2023 Text Books 23/12/2024
    Dewey Decimal Classification     BBA PIET C-LIBRARY PIET C-LIBRARY 20/12/2023 Zafaa Books and Distributors In rupees 490.00 ZBD0291 2 004 SIC 35185 01/10/2025 357.70 20/12/2023 Text Books 12/09/2025

Design & Developed by: PIET Central Library
R70 Miles Stone Pattikalyana Samalkha Panipat 132102
mail ID :- [email protected], Phone No:- 0180-2569700 Ex.216